Study of some problems on wave propagation in micropolar elasticity (Record no. 393494)

MARC details
000 -LEADER
fixed length control field 00511nam a22001817a 4500
005 - DATE & TIME
control field 20250818123957.0
008 - FIXED-LENGTH DATA ELEMENTS--GENERAL INFORMATION
fixed length control field 250818b |||||||| |||| 00| 0 eng d
040 ## - CATALOGING SOURCE
Original cataloging agency VIVEKANANDA LIBRARY
082 ## - DDC NUMBER
Classification number 515
Book Number P935S
100 ## - MAIN ENTRY--PERSONAL NAME
Personal name Princy
245 ## - TITLE STATEMENT
Title Study of some problems on wave propagation in micropolar elasticity
260 ## - PUBLICATION, DISTRIBUTION, ETC. (IMPRINT)
Name of publisher, distributor, etc Department of Mathematics, M D University, Rohtak
Date of publication, distribution, etc 2024
300 ## - PHYSICAL DESCRIPTION
Pages xxvii, 159
650 ## - Subject
Subject Mathematics
650 ## - Subject
Subject Wave Propagation
700 ## - Added Entry Personal Name
Added Entry Personal Name Sikka, Jitander Singh
942 ## - ADDED ENTRY ELEMENTS (KOHA)
Koha item type Thesis
Holdings
Withdrawn status Lost status Source of classification or shelving scheme Damaged status Not for loan Location (home branch) Sublocation or collection (holding branch) Shelving location Date acquired Koha issues (times borrowed) Koha full call number Accession No. Koha date last seen Copy number Koha item type
    Dewey Decimal Classification     VIVEKANANDA LIBRARY VIVEKANANDA LIBRARY Vivekananda Library 18/08/2025   515 P935S 411121 18/08/2025 R Thesis
© Designed and Maintained by Vivekananda Library, MDU Rohtak